000 nam a22 a 4500
999 _c1813
_d1813
005 20170512094406.0
008 170512s2014 my ||||| |||| 00| 0 eng d
040 _aAKMAL
082 _a343.59505 COM
090 _a343.59505
_bCOM
245 0 2 _aA Compendium of Customs Legislation and Cases.
_nBinder 2.
260 0 0 _aPetaling Jaya ;
_bLexisNexis Malaysia Sdn. Bhd,
_c[2014?]
300 _avarious paging;
_c25cm
650 1 _aCustoms administration
_vCases
_zMalaysia
_93737
650 1 _aTariff
_vCases
_zMalaysia
_93736
710 _aMalaysia.
_bJabatan Kastam Diraja Malaysia.
_eissuing body.
_91301
942 _2ddc
_cBOOK
950 _lAKMAL